000 00596cam a22001934a 4500
005 20250605164115.0
008 250528s ||||||||||||||||||||||||d
035 _a18051
040 _aGR-AtMCL
_bgre
_dGR-AtMCL
_eAACR2
245 1 _aΓΕΝΙΚΗ ΛΟΓΙΣΤΙΚΗ ΜΕ ΗΛΕΚΤΡΟΝΙΚΟΥΣ ΥΠΟΛΟΓΙΣΤΕΣ
250 _a1
260 _bInterbooks,
_c1991
300 _a469
700 1 _aΣφακιανος Γρηγοριος Κωνστ
_94340
700 1 _aΣφακιανος Κωνσταντινος Γρηγ
_92485
942 _cBK
999 _c3443
_d3443